000 00615cam a2200205 a 4500
001 1894408
005 20241213135853.0
008 850510s1983 ii a b 001 0 eng
020 _a9780852268971
_cRs150.00
050 0 0 _aQH545.W3
_bW38 1983
082 0 0 _a363.7/394
_219
245 0 0 _aWater pollution and management /
_cedited by C.K. Varshney.
260 _aNew Delhi :
_bNew Age International Limited,
_c2008
300 _avi, 242 p. :
_bill. ;
_c25 cm.
650 0 _aWater
_xPollution.
650 0 _aWater
_xPollution.
650 0 _aWater quality management.
700 1 _aVarshney, C. K.
942 _2lcc
_cBK
_n0
999 _c2160
_d2160